Представление документа в формате RUSMARC

ПолеНазваниеЗначение
  Тип записи a
  Библиографический уровень a
001 Контрольный номер RU/CBS_Ul/BASE/451482065
005 Дата корректировки 20240209175103.9
100 Данные общей обработки __
a Данные общей обработки 20140422d2014 ||| 0rusy0179 ca
101 Язык документа 0_
a Язык текста rus
102 Страна публикации __
a Страна публикации RU
105 Кодированные данные (монография) __
a Кодированные данные (монография) y###||||000|y
200 Заглавие и сведения об ответственности 1_
a Заглавие В эвакуации в провинциальном Симбирске
b Общее обозначение материала Текст
e Сведения, относящиеся к заглавию [по страницам дневника А. В. Жиркевича]
f Первые сведения об ответственности А. В. Жиркевич
300 Общие примечания __
a Общие примечания Ограничения по возрасту 12 +
461 Уровень набора _0
1 2000
a Мономах
463 Уровень физической единицы _0
1 001RU/CBS_Ul/BASE/451478501
1 2000
a № 2 (80). - С. 8-16 ; № 3 (81). - С. 16-22 : фот. ; № 4 (82). - С. 20-27 : фот. ; № 5 (83)
v С. 17-21 : фот.
1 210
d 2014
600 Персоналии __
a Персоналии (Фамилия) Жиркевич
b Персоналии (Имя, инициалы) А. В.
606 Тематические рубрики __
a Основная рубрика Первая мировая война - 1914 - 1918 - Тыл(воен.) - Симбирская губерния
606 Тематические рубрики 0_
a Основная рубрика Жиркевич, Александр Владимирович (1857 - 1927)
610 Ключевые слова 0_
a Ключевые слова эвакуация
a Ключевые слова войны
a Ключевые слова Первая мировая война
686 Индексы других классификаций __
a Классификационный индекс 63.3(2)612
2 Код системы ББК
700 Автор _1
a Фамилия Жиркевич
b Имя (инициалы) А. В.
801 Источник записи _0
a Страна RU
b Организация МБУК ЦБС г. Ульяновска
c Дата составления 20140422
g Правила каталогизации RCR
801 Источник записи _1
a Страна RU
b Организация МБУК ЦБС г. Ульяновска
c Дата составления 20140422
g Правила каталогизации RCR
900 Электронные ресурсы __
a Имя электронного ресурса В эвакуации в провинциальном Симбирске-1
900 Электронные ресурсы __
a Имя электронного ресурса В эвакуации в провинциальном Симбирске-2
900 Электронные ресурсы __
a Имя электронного ресурса В эвакуации в провинциальном Симбирске-3
900 Электронные ресурсы __
a Имя электронного ресурса В эвакуации в провинциальном Симбирске-4
901 Тип документа __
t Тип документа b
w Контрольный № источника RU/CBS_Ul/BASE/451478501
910 Корректоры записи __
a Корректор записи Ильина
938 Служебная информация __
a Имя БД kraeved